00590nam a2200169Ia 4500008004100000020001800041041000800059082001600067100002100083245006800104250000600172260004500178300001700223650001700240999001900257952014400276210716s2014 xx 000 0 und d a9788184873443 aeng a660.63 BHAA aBhaskar, Anusha. aBiochemical methods: a practical approach.bPractical approach. a1 aNew DelhibNarosa Publishing Housec2014 axii,13.9,I.2 aBiochemistry c194681d194681 00102ddc40708MCAaAIMITbAIMITeNarosa Book Distributorsg180.00l0o660.63 BHAApMCA14189r2025-07-21 00:00:00v135.00w2021-07-16yBK